|
|
|
|
| LEADER |
02006nam a2200529 i 4500 |
| 001 |
001786987 |
| 003 |
CZ BrMZK |
| 005 |
20211208101942.0 |
| 006 |
m q d |
| 007 |
co cg |
| 008 |
210312s2020 xr a e c 000 0 cze |
| 015 |
|
|
|a cnb003261294
|
| 020 |
|
|
|a 978-80-7468-155-4
|q (CDR)
|
| 040 |
|
|
|a BOA001
|b cze
|e rda
|
| 041 |
0 |
|
|a cze
|a slo
|b cze
|b eng
|b slo
|
| 043 |
|
|
|a e------
|a e-xr---
|
| 072 |
|
7 |
|a 62
|x Technika všeobecně
|2 Konspekt
|9 19
|
| 080 |
|
|
|a 347.771
|2 MRF
|
| 080 |
|
|
|a 347.773
|2 MRF
|
| 080 |
|
|
|a 62
|2 MRF
|
| 080 |
|
|
|a (437.3)
|2 MRF
|
| 080 |
|
|
|a (4)
|2 MRF
|
| 080 |
|
|
|a (083.82)
|2 MRF
|
| 080 |
|
|
|a (0.034.44)
|2 MRF
|
| 245 |
0 |
0 |
|a Katalóg vybraných patentov, úžitných vzorov a európskych priemyselných vzorov :
|b odborná kniha /
|c editori: Daniel Kučerka, Alexander Bilčík, Lukáš Ilavský
|
| 250 |
|
|
|a 1. vydání
|
| 264 |
|
1 |
|a České Budějovice :
|b Vysoká škola technická a ekonomická v Českých Budějovicích,
|c 2020
|
| 300 |
|
|
|a 1 CD-ROM (1103 stran v různém stránkování) :
|b ilustrace (některé barevné) ;
|c 12 cm
|
| 336 |
|
|
|a text
|b txt
|2 rdacontent
|
| 337 |
|
|
|a počítač
|b c
|2 rdamedia
|
| 338 |
|
|
|a počítačový disk
|b cd
|2 rdacarrier
|
| 347 |
|
|
|a textový soubor
|b PDF
|2 rda
|
| 500 |
|
|
|a Název z disku
|
| 546 |
|
|
|a Částečně slovenský text, české, anglické a slovenské resumé
|
| 650 |
0 |
7 |
|a patenty
|7 ph115690
|z Česko
|2 czenas
|
| 650 |
0 |
7 |
|a užitné vzory
|7 ph116549
|z Česko
|2 czenas
|
| 650 |
0 |
7 |
|a průmyslové vzory
|7 ph124755
|z Evropa
|2 czenas
|
| 650 |
0 |
7 |
|a technika
|7 ph157258
|2 czenas
|
| 655 |
|
7 |
|a katalogy
|7 fd132535
|2 czenas
|
| 655 |
|
7 |
|a CD-ROM
|7 fd133955
|2 czenas
|
| 700 |
1 |
|
|a Kučerka, Daniel
|7 ola2015854916
|4 edt
|
| 700 |
1 |
|
|a Bilčík, Alexander
|7 ola20201096452
|4 edt
|
| 700 |
1 |
|
|a Ilavský, Lukáš
|4 edt
|
| 910 |
|
|
|a BOA001
|b CDR-1468.305
|
| 990 |
|
|
|a BK
|
| 991 |
|
|
|b 202112
|c NOV
|
| 996 |
3 |
|
|b 2610868005
|c CDR-1468.305
|l Stud. periodik/2.patro
|r Sklad / do 1 hodiny
|n 0
|p p.v.
|w 001853615
|u 000010
|a 1
|e BOA001
|j MZK50
|s N
|